[Event "Buenos Aires Najdorf"]
[Site "Buenos Aires"]
[Date "1993.??.??"]
[Round "8"]
[White "Illescas Cordoba, Miguel"]
[Black "Milos, Gilberto"]
[Result "0-1"]
[WhiteElo "2615"]
[BlackElo "2560"]
[Annotator "Ftacnik,L"]
[PlyCount "80"]
[EventDate "1993.04.??"]
[EventType "tourn"]
[EventRounds "11"]
[EventCountry "ARG"]
[EventCategory "13"]
[SourceTitle "CBM 035"]
[Source "ChessBase"]
[SourceDate "1993.08.01"]
[SourceVersion "1"]
[SourceVersionDate "1993.08.01"]
[SourceQuality "1"]

1. c4 e6 2. Nf3 Nf6 3. Nc3 d5 4. d4 Be7 5. cxd5 exd5 6. Bf4 O-O 7. e3 Bf5 (7...
c5 8. dxc5 (8. Qc2 cxd4 9. Nxd4 Nc6 10. Rd1 Nxd4 11. Rxd4 Be6 12. Be2 Rc8 13.
Bf3 Qa5 14. Ra4 Qb6 15. Be5 Ne4 16. O-O Nxc3 17. bxc3 a6 18. Rd1 Rfd8 19. Rad4
Bc5 20. Rh4 h6 21. Qd2 Bd6 22. Bxd6 Rxd6 23. Rb4 Qc7 24. c4 $16 {Smyslov,
V-Large,P/London Lloyds/1989/}) 8... Bxc5 9. Be2 Nc6 10. O-O a6 (10... Be6 11.
Rc1 Be7 (11... Rc8 12. Ne5 Bd6 13. Nxc6 bxc6 14. Qa4 Bxf4 15. Qxf4 c5 16. Rfd1
Qe7 17. Bf3 Rfd8 18. Rd2 d4 19. exd4 cxd4 20. Rxd4 Rxd4 21. Qxd4 Bxa2 22. Ra1
Be6 23. Rxa7 Qf8 24. h3 $16 {Wessman,R-Ornstein,A/SVE-ch (06)/1992/}) 12. Nb5
Rc8 13. Nfd4 Qb6 14. Nb3 Ne4 15. N5d4 {0,5/Hanel,R-Grillitsch,K/OST-BL 8889/
1988/}) (10... Be7 11. Rc1 Bg4 12. h3 Bh5 13. Ne5 Bxe2 14. Qxe2 Bd6 15. Nxc6
bxc6 16. Bxd6 Qxd6 17. Na4 Rfc8 18. Qa6 Rc7 19. Rc2 Nd7 20. Rfc1 Ne5 21. b3 Qg6
22. Qe2 Re8 23. Nc5 Qf5 24. e4 $14 {Rakhmangulov,A-Ginsburg,G/Nikolaev zt/1993/
}) 11. Rc1 Be6 12. a3 Rc8 13. Na4 Ba7 14. Bg5 h6 15. Bh4 d4 16. Nc5 Bxc5 17.
Rxc5 dxe3 18. fxe3 Qb6 19. Rc1 Ng4 20. Qd3 Qxe3+ 21. Qxe3 Nxe3 22. Rfe1 Nd5 23.
Kf2 Rfe8 24. Bf1 $15 {Anastasian,A-Begun,F/URS-chT Azov/1991/}) (7... Nbd7 8.
Bd3 c6 9. Qc2 Re8 10. O-O-O Nf8 11. h3 Bd6 12. Ne5 Be6 13. Bg5 c5 14. Bb5 Re7
15. f4 cxd4 16. exd4 Rc7 17. f5 Bd7 18. Bxd7 N8xd7 19. Kb1 Bb4 20. Rd3 Rac8 21.
Qa4 Bxc3 22. Nxd7 Qxd7 23. Qxd7 Nxd7 24. Rxc3 $17 {Zakharov,A-Galdunts,S/
Moscow4/1991/}) (7... c6 8. Bd3 Bg4 9. h3 Bh5 10. O-O (10. Qb3 Qc8 11. Ne5 Bg6
12. Nxg6 hxg6 13. Rc1 Qd7 14. O-O b6 15. Rfd1 Rd8 16. a3 Kf8 17. Qc2 Nh5 18.
Be5 f5 19. Ne2 Bd6 20. Bxd6+ Qxd6 21. g4 fxg4 22. hxg4 Nf6 23. g5 Nh7 24. Bxg6
$16 {Mansouri,A-Ali,I/Dubai olm (3)/1986/}) 10... Nbd7 11. a3 Re8 12. b4 Nf8
13. Rc1 Bg6 14. Ne5 Bxd3 15. Qxd3 Bd6 16. Bh2 N8d7 17. f4 Ne4 18. Nxe4 dxe4 19.
Qb3 Qe7 20. Rc2 Nf6 21. g4 Nd5 22. Nc4 Bc7 23. Bg3 g5 24. Rcf2 $17 {Koch,
W-Genne,R/ISEM Leukerbad/1992/}) 8. Qb3 (8. Ne5 c5 9. dxc5 Bxc5 10. Bd3 Bxd3
11. Nxd3 Bb6 12. O-O d4 13. exd4 Bxd4 14. Nb5 Nc6 15. Rc1 a6 16. Nxd4 Qxd4 17.
Qb3 Nd5 18. Bg3 Na5 19. Qc2 Nb4 20. Nxb4 Qxb4 21. Be5 Nc6 22. Bc3 Qc4 23. b3
Qg4 24. h3 $10 {Sokolov,I-Lautier,J (4)/Correze m/1992/}) (8. Bd3 Bxd3 9. Qxd3
c6 10. O-O Nbd7 11. Rab1 a5 12. a3 a4 13. Rfc1 Ra6 14. Nd2 Re8 15. Re1 Nf8 16.
Qc2 Qa8 17. Nf3 Ne6 18. Bg3 Nh5 19. Rbd1 Ng5 {0,5/Schneider,B-Lau,R/Solingen/
1986/}) 8... Nc6 9. a3 (9. Qxb7 Nb4 10. Bxc7 Qc8 11. Qxc8 Raxc8 $17) 9... a6
10. Qxb7 Na5 $1 (10... Ra7 11. Qxc6 Bd7 12. Bxc7 (12. Ne5 Bxc6 13. Nxc6 Qd7 14.
Nxa7 c6 15. Nxc6 Qxc6 16. Bd3 $13) 12... Bxc6 13. Bxd8 Rxd8 14. Bd3 $16) 11.
Qxc7 Qxc7 12. Bxc7 Nb3 13. Rd1 (13. Ra2 Rfc8 14. Be5 Ne4 $36 (14... Bb1 $6 15.
Nxb1 Rc1+ 16. Ke2 Rxb1 17. Bxf6 Bxf6 18. Nd2 $16)) 13... Bc2 14. Be2 Bxa3 $5
15. O-O (15. bxa3 Rfc8 16. Rd2 Nxd2 17. Kxd2 Rxc7 18. Kxc2 Ne4 $19) 15... Bxb2
16. Na4 Ba3 (16... Bxd1 $2 17. Bxd1 Ba3 18. Bxb3 $16) 17. Nb6 Ra7 18. Be5 Rb7
19. Na4 (19. Bxf6 Rxb6 20. Be5 Bxd1 21. Rxd1 Rc8 $19) 19... Bxd1 20. Rxd1 a5
21. Bxf6 gxf6 22. Nh4 Rc7 (22... Rc8 $2 23. Ba6) 23. Rd3 Rb8 (23... Nc1 24.
Rxa3 Nxe2+ 25. Kf1 $15) 24. g3 Bf8 25. Bd1 Nc1 26. Rd2 Rb1 27. Kg2 Bb4 28. Rb2
(28. Rc2 Rc4 $17) 28... Ra1 29. Bc2 Ra2 30. Bd1 (30. Rxa2 Nxa2 31. Bb3 Nc3 32.
Nxc3 Rxc3 33. Bxd5 a4 $19) 30... Rxb2 31. Nxb2 Na2 $1 32. Kf3 Nc3 33. Bb3 Rb7
34. Na4 Nxa4 35. Bxa4 Bf8 36. Bc6 Rb6 37. Bxd5 a4 38. Ke2 a3 39. Kd1 Rb2 40.
Kc1 Rxf2 0-1

[Event "St Petersburg op"]
[Site "St Petersburg"]
[Date "1994.??.??"]
[Round "1"]
[White "Nepomnishay, Mikhail I"]
[Black "Ivanov, Sergey"]
[Result "1/2-1/2"]
[WhiteElo "2345"]
[BlackElo "2505"]
[Annotator "Ftacnik,L"]
[PlyCount "85"]
[EventDate "1994.02.??"]
[EventType "swiss"]
[EventRounds "9"]
[EventCountry "RUS"]
[SourceTitle "CBM 041"]
[Source "ChessBase"]
[SourceDate "1994.08.01"]
[SourceVersion "1"]
[SourceVersionDate "1994.08.01"]
[SourceQuality "1"]

1. d4 d5 2. c4 e6 3. Nc3 c6 4. Nf3 Nf6 5. cxd5 exd5 6. Bg5 Bf5 7. e3 Nbd7 8.
Bd3 Bxd3 9. Qxd3 Be7 10. O-O O-O 11. Bxf6 Nxf6 12. a3 (12. Rab1 a5 13. Rfc1 (
13. a3 Bd6 (13... a4 14. Rfe1 Re8 15. Ne5 Bd6 16. f4 Re7 17. Rbd1 Qa5 18. Kh1
Ne8 19. e4 f6 20. exd5 cxd5 21. Nf3 Rxe1+ 22. Rxe1 Nc7 23. Nh4 Bf8 24. Qh3 $14
{Netusil,M-Neckar,L/TCH-chT/1993/1-0 (49)}) 14. Nd2 Re8 15. g3 Qd7 16. Kg2 h5
17. h4 Qg4 18. Rfe1 Re6 19. Nf1 Rae8 20. Nh2 Qg6 21. Qxg6 fxg6 22. Nf3 Ne4 23.
Nxe4 Rxe4 24. b4 $14 {Bruk,O-Muir,A/EU-chT Haifa (7)/1989/1-0 (53)}) (13. Ne5
Bd6 14. Qf5 Qe7 15. f4 Bb4 16. Rfc1 Rfe8 17. Rc2 Rad8 18. Qd3 g6 19. Re2 Kg7
20. a3 Bxc3 21. Qxc3 Ra8 22. Rf1 Ne4 23. Qc2 f6 24. Nf3 $15 {Gausel,E-Flear,G/
Gausdal Arnold-Cup/1987/0-1 (43)}) 13... Bd6 14. h3 Re8 15. Nd2 h6 16. a3 Qe7
17. Qc2 Rad8 18. Qa4 Kh8 19. Qxa5 g5 20. Nd1 g4 21. hxg4 Rg8 22. f3 h5 23. Kf2
hxg4 24. Nc3 $13 {Guevara,M-Ortega,L/Sagua la Grande/1989/0.5 (48)}) 12... a5
13. Qc2 Re8 14. Nd2 (14. Rab1 Bd6 15. b4 Qe7 16. Qb3 Ra7 17. Na4 Ne4 18. Nc5
Rea8 19. Qc2 axb4 20. axb4 h5 21. Nxe4 dxe4 22. Nd2 Ra2 23. Rb2 Qe6 $15 {
Puri,V-Ivanchuk,V/Baguio WchJ/1987/0-1 (40)}) 14... Bd6 15. Rab1 Ne4 $5 16.
Ncxe4 dxe4 17. Nxe4 Bxh2+ 18. Kxh2 Qh4+ 19. Kg1 Rxe4 (19... Qxe4 20. Rfc1 $10)
20. g3 Qg4 21. Kg2 Qe6 22. Rh1 Qd5 $1 (22... h6 23. Rh5 $14) 23. Kg1 g6 24. Rc1
h5 25. Qc5 Qd8 (25... Qxc5 26. Rxc5 a4 27. Kg2 $10) 26. Kg2 a4 27. Qb4 h4 $5 (
27... Qd7 28. Rc5 $36) 28. Qxb7 hxg3 29. Qxc6 (29. Kxg3 $4 Qg5+ 30. Kf3 Qg4#)
29... Re6 30. Qf3 Ra5 (30... gxf2 31. Qh3 Qg5+ 32. Kxf2 Qf6+ $13) 31. Qb7 $1 (
31. fxg3 Qb8 32. Rc2 Rf5 (32... Rb5 33. Qf2 Rb3 $14) 33. Qe2 Qb7+ 34. Kg1 Qe4
35. Rc8+ Kg7 36. Rch8 Qxe3+ 37. Qxe3 Rxe3 $132) 31... Rb6 32. Qc8 Qxc8 33.
Rxc8+ Kg7 34. Kxg3 Rxb2 35. Rc5 $14 Ra6 36. Rhc1 Ra2 37. R1c3 Rf6 38. f4 Rb6
39. d5 Rb3 40. Kf3 (40. d6 Rd2 41. Rxb3 axb3 42. Rb5 b2 43. Kf3 Kf6 44. e4 Ke6
45. e5 f6 46. exf6 Kxf6 47. Ke3 Rxd6 48. Rxb2 Ra6 49. Ra2 Ra4 $10) 40... Raxa3
41. Rxb3 Rxb3 42. d6 Rd3 43. Ra5 1/2-1/2

[Event "Candidates final"]
[Site "El Escorial"]
[Date "1993.??.??"]
[Round "5"]
[White "Timman, Jan H"]
[Black "Short, Nigel D"]
[Result "1/2-1/2"]
[WhiteElo "2635"]
[BlackElo "2655"]
[Annotator "Ftacnik,L"]
[PlyCount "92"]
[EventDate "1993.01.??"]
[EventType "match"]
[EventRounds "13"]
[EventCountry "ESP"]
[SourceTitle "Candidates"]
[Source "ChessBase"]
[SourceDate "1999.07.01"]
[SourceVersion "2"]
[SourceVersionDate "1999.07.01"]
[SourceQuality "1"]

1. d4 d5 2. c4 e6 3. Nc3 Nf6 4. cxd5 exd5 5. Bg5 c6 (5... Be7 6. e3 O-O 7. Qc2
c6 8. Bd3 Nbd7 9. Nf3 (9. Nge2 Re8 10. O-O Nf8 {Timman,J-Short,N/Amsterdam/
1992/}) 9... Re8 10. O-O Nf8 11. Rae1 Ne4 12. Bxe7 Qxe7 13. Bxe4 dxe4 14. Nd2
f5 15. f3 {Timman,J-Short,N/Amsterdam/1988/}) 6. e3 Bf5 7. Qf3 Bg6 8. Bxf6 Qxf6
9. Qxf6 gxf6 10. Rd1 (10. Kd2 Nd7 11. Bd3 a5 12. Nf3 Nb6 13. b3 Kd7 {Ivanchuk,
V-Short,N/Linares/1992/}) 10... Nd7 11. Bd3 Nb6 12. Nge2 Kd7 13. e4 $6 (13. h4)
13... dxe4 14. Bxe4 Re8 15. Bd3 Bb4 16. O-O Kc7 17. Ng3 $6 (17. a3 $5 Bxc3 18.
Nxc3) 17... Bxc3 18. bxc3 Na4 $15 19. f4 $2 (19. Bxg6 hxg6 20. c4 Rh4 $15)
19... Nxc3 20. f5 Nxd1 21. Rxd1 Re7 22. Kf2 Rd8 23. fxg6 fxg6 24. Ne2 f5 25. g3
b5 26. Bc2 Kb6 (26... c5 $1) 27. Nc1 a5 28. a4 Rd6 29. Rd3 Rde6 30. Bd1 (30. d5
cxd5 31. Rxd5 Rc6 $19) 30... Re1 31. d5 Rh1 32. d6 (32. Kg2 Ree1 33. Bb3 cxd5
34. Ne2) 32... Rd7 33. Kg2 Re1 34. Ne2 (34. Kf2 Re6) 34... Kc5 35. Kf2 Rh1 36.
Kg2 Rxd1 $5 (36... Re1 37. Kf2 $10) 37. Rxd1 Rxd6 38. Rc1+ Kb4 39. axb5 cxb5
40. Rb1+ Kc5 41. Kf2 a4 (41... b4 42. Ke3 a4 43. Rc1+ $13) (41... Rd3 $5 42.
Nf4 Rd2+ 43. Ne2 Rc2 44. Ke3 Kc4 $15) (41... b4) 42. Nc3 Rb6 (42... Rd2+ 43.
Ke3 Rxh2 44. Nxb5 Rc2 $5) 43. Rc1 (43. Ke3 Kc4 44. Kd2 (44. Nxa4 $2 Re6+) 44...
a3 45. Ne2 Rd6+ $1 (45... b4 46. Rc1+ Kb3 47. Nd4+ Ka4 48. Rc8 $1)) 43... Kd4
44. Ne2+ Kd3 45. Rc3+ Kd2 46. Ra3 Rd6 {Short bietet in klar besserer Stellung
remis an.} (46... Rd6 47. Ra2+ (47. Nc3 $2 b4 48. Nb1+ Kc2 49. Rxa4 Rb6 $3 50.
Na3+ Kb3 $19) 47... Kd3 48. Ra3+ Kc4 $17) 1/2-1/2

[Event "Candidates (Women) final"]
[Site "Monte Carlo"]
[Date "1993.??.??"]
[Round "1"]
[White "Polgar, Zsuzsa"]
[Black "Ioseliani, Nana"]
[Result "1-0"]
[WhiteElo "2560"]
[BlackElo "2460"]
[Annotator "Ftacnik,L"]
[PlyCount "79"]
[EventDate "1993.02.??"]
[EventType "match"]
[EventRounds "8"]
[EventCountry "MNC"]
[SourceTitle "CBM 034"]
[Source "ChessBase"]
[SourceDate "1993.06.01"]
[SourceVersion "1"]
[SourceVersionDate "1993.06.01"]
[SourceQuality "1"]

1. d4 d5 2. c4 e6 3. Nc3 Bb4 4. cxd5 exd5 5. Bf4 Nf6 6. Rc1 c6 7. e3 O-O 8. Bd3
Re8 9. Nf3 Nbd7 10. O-O Nf8 11. Ne5 Ng6 12. h3 Bd6 (12... Nxf4 $6 13. exf4 $14)
13. Nxg6 hxg6 14. Bg5 Be7 15. Qc2 Ne4 16. Bf4 Nxc3 17. bxc3 Bd6 18. Bxd6 Qxd6
19. c4 dxc4 20. Bxc4 Be6 21. Rb1 Re7 22. Bxe6 Qxe6 23. Qa4 a6 (23... b6 $2 24.
Rxb6 $1) 24. Rb6 Rd8 25. Rfb1 Rdd7 26. a3 g5 27. Qd1 Qf5 $4 (27... g6 $14) 28.
Rxc6 $1 Rc7 (28... bxc6 29. Rb8+ Kh7 30. Qh5#) (28... Qxb1 29. Rc8+ Kh7 30.
Qxb1+ $18) 29. Rcc1 g6 30. a4 Qa5 31. d5 Rcd7 (31... Rxc1 32. Rxc1 Rd7 33. Qd4
Rxd5 $140 34. Rc8+ Kh7 35. Rh8#) 32. Rc8+ Rd8 (32... Kg7 33. Qd4+ f6 34. e4 $18
) 33. Rxd8+ Qxd8 34. Qd4 Rc7 35. e4 Qd6 36. e5 Qc5 37. Qe4 Qc4 $6 (37... b6 38.
d6 Rd7 39. e6 Rxd6 40. e7 Re6 41. e8=Q+ $18) 38. Qxc4 Rxc4 39. d6 Rxa4 40. Rd1
1-0

[Event "Olympiad-34"]
[Site "Istanbul"]
[Date "2000.11.02"]
[Round "6.1"]
[White "Krasenkow, Michal"]
[Black "Seirawan, Yasser"]
[Result "0-1"]
[WhiteElo "2702"]
[BlackElo "2647"]
[Annotator "Ftacnik,L"]
[PlyCount "82"]
[EventDate "2000.10.28"]
[EventType "team-swiss"]
[EventRounds "14"]
[EventCountry "TUR"]
[SourceTitle "EXT 2001"]
[Source "ChessBase"]
[SourceDate "2000.11.22"]
[SourceVersion "1"]
[SourceVersionDate "2000.11.22"]
[SourceQuality "1"]
[WhiteTeam "Poland"]
[BlackTeam "US of America"]
[WhiteTeamCountry "POL"]
[BlackTeamCountry "USA"]

1. Nf3 Nf6 2. c4 e6 3. Nc3 d5 4. d4 Nbd7 5. cxd5 exd5 6. Bf4 c6 7. h3 Bb4 8.
Qb3 Qa5 9. Bd2 (9. e3 Ne4 10. Rc1 Ndf6 11. a3 Be7 $11) 9... O-O 10. e3 (10. a3
Be7 11. e3 Qb6 $11) 10... Re8 11. Bd3 Qb6 (11... c5 $5 12. a3 Bxc3 13. Bxc3 Qd8
14. dxc5 Nxc5 15. Qc2 Nfe4 16. O-O $13) 12. Qc2 (12. O-O Bd6 (12... Ne4 $2 13.
Nxe4 dxe4 14. Ng5 $18) 13. Qc2) 12... Bd6 13. O-O Qd8 (13... Nf8 14. Rab1 Ne6
15. b4) 14. Rfe1 h6 15. Rab1 (15. e4 dxe4 16. Nxe4 Nxe4 17. Bxe4 Nf6 $11) 15...
Nb6 (15... a5 16. a3 Nb6 17. b4 $13) 16. b4 a6 17. a4 {The minority attak
offers Krasenkow the chance for a slight advantage.} Be6 18. Ne5 (18. a5 Nbd7
19. Na4 Ne4 20. Nc5 Nxd2 21. Nxd2 $14) 18... Nfd7 (18... Qe7 19. a5 Nc4 20.
Bxc4 dxc4 21. Qb2 $13) 19. f4 (19. Nxd7 Nxd7 20. e4 Qh4 $132) 19... Nf8 (19...
Nxe5 20. fxe5 Bc7 21. Rf1 Nc4 22. Bxc4 dxc4 23. a5 $14) 20. a5 Nc8 (20... Nc4
21. Bxc4 dxc4 22. Ne2 $14) (20... Nbd7 $2 21. f5 Nxe5 22. dxe5 Bxe5 23. fxe6
Nxe6 24. e4 $16) 21. f5 Bd7 22. Nxd7 Nxd7 (22... Qxd7 23. f6 $1 gxf6 (23... Ne6
24. Rf1 $14) 24. e4 $14) 23. e4 Qh4 {The queen from h4 endangers white king
and indirectly slows down white's progress in the center due to the weakness
of d4 pawn.} (23... dxe4 24. Nxe4 Be7 25. Bf4 Nf6 26. Nxf6+ Bxf6 27. Rxe8+ Qxe8
28. Qc5 $14) 24. Be3 Bg3 25. Re2 (25. Rf1 $6 dxe4 26. Nxe4 Nd6 27. Nxg3 Rxe3
$15) 25... Ne7 26. e5 (26. exd5 Nf6 $1 27. dxc6 Nxc6 28. Kh1 (28. d5 Nxb4 $17)
28... Nxd4 29. Bxd4 Qxd4 $15) 26... Nxe5 $1 27. dxe5 d4 28. Bd2 (28. f6 dxe3 $1
29. fxe7 Bxe5 30. Nd1 Rxe7 31. Qc4 Bf4 $15) 28... dxc3 29. Re4 (29. Bxc3 Nd5
30. e6 Bc7 $13) 29... cxd2 $5 {[%mdl 1024] Defensive sacrifice of the queen,
since the alternative 29...Qh5 was too dangerous.} (29... Qh5 30. Bxc3 Nxf5 31.
Rf1 $1 Ne7 (31... Rad8 $2 32. Rf3 $18) 32. Rf3 $1 (32. Rg4 Bxe5 33. Bc4 Nd5 (
33... Rf8 34. Be2 Ng6 35. Rxg6 Qxg6 36. Qxg6 fxg6 37. Bxe5 $16) 34. Rf5 Qxg4
35. hxg4 Bxc3 36. Bxd5 Bd4+ 37. Kf1 cxd5 $15) 32... Bh4 33. Ref4 Rf8 34. Bh7+
Kh8 35. Qe4 Bg5 36. g4 Qh4 37. Be1 $16) 30. Rxh4 Bxh4 31. Qxd2 Nd5 32. e6 $6 (
32. Qb2 Bg3 33. e6 fxe6 34. Be4 Rad8 (34... exf5 35. Bxd5+ cxd5 36. Qb3 $16)
35. Qb3 Bc7 36. Rd1 $14) 32... fxe6 33. fxe6 Rxe6 34. Bc2 (34. Bc4 Rd8 $11)
34... Rae8 35. Qd3 $2 {White is hoping to attack the enemy king, but
underestimates the real danger to his own one.} (35. Bb3 Be1 36. Qd4 Re5 $15)
35... Re1+ 36. Rxe1 Rxe1+ 37. Kh2 Re3 $1 38. Qh7+ (38. Qg6 Bg3+ 39. Qxg3 Rxg3
40. Kxg3 Nxb4 $19) 38... Kf8 39. g3 (39. g4 Bg3+ 40. Kg1 Nf4 41. Qf5+ Ke8 42.
Qc8+ Ke7 43. Qc7+ Ke6 44. Qc8+ Kd5 45. Qf5+ Re5 $19) (39. Qf5+ Ke7 40. Qg6 Bg3+
$19) 39... Bxg3+ 40. Kg1 Nf4 41. Qf5+ Ke8 $1 {White certainly resigned a bit
too early, but one can understand his feeling at the prospect of black's king
escape towards the c2 bishop.} (41... Ke7 $4 42. Qc5+ $18) (41... Ke8 $1 42.
Qc8+ Ke7 43. Qc7+ (43. Qxb7+ Kd6 44. Qb8+ Kd5 $19) 43... Ke6 44. Qc8+ Kd5 45.
Qf5+ Re5 46. Qf7+ Kd4 47. Qxg7 Kc4 48. Bb3+ Kxb4 49. Qxb7+ Kc3 (49... Ka3 50.
Bc4 Re1+ 51. Bf1 $14) 50. Qg7 Ne2+ 51. Kg2 Kxb3 $19) 0-1

[Event "RSFSR-ch"]
[Site "Kuibyshev"]
[Date "1990.??.??"]
[Round "?"]
[White "Shcherbakov, Ruslan"]
[Black "Doroshkievich, Vladimir K"]
[Result "1/2-1/2"]
[WhiteElo "2425"]
[BlackElo "2360"]
[Annotator "Ftacnik,L"]
[PlyCount "36"]
[EventDate "1990.??.??"]
[EventType "tourn"]
[EventRounds "15"]
[EventCountry "URS"]
[EventCategory "6"]
[SourceTitle "CBM 021"]
[Source "ChessBase"]
[SourceDate "1991.04.01"]
[SourceVersion "1"]
[SourceVersionDate "1991.04.01"]
[SourceQuality "1"]

1. d4 d5 2. c4 e6 3. Nc3 Nf6 4. cxd5 exd5 5. Bg5 Be7 6. e3 c6 7. Bd3 Bg4 8.
Nge2 (8. Qc2 Bh5 9. Nge2 Bg6) 8... Ne4 $5 (8... Bh5 9. O-O Bg6) 9. Bxe7 Qxe7
10. Bxe4 (10. f3 $2 Bxf3 $1 11. gxf3 Qh4+ 12. Ng3 Nxg3 $19) (10. Qc2 Nxc3 11.
Nxc3 Bh5 $10) 10... dxe4 11. Qc2 Bxe2 (11... f5 12. Ng3 Qf7 13. d5 $36) 12.
Kxe2 f5 13. g4 g6 14. gxf5 gxf5 15. Nd5 $5 (15. Rag1 Nd7 16. Rg3 O-O-O $13)
15... cxd5 16. Qc8+ Qd8 17. Qe6+ Qe7 (17... Kf8 $2 18. Qxf5+ Ke7 19. Qe5+ (19.
Rhg1 Qf8 20. Qe5+ Kd8 21. Qxd5+ Nd7 22. Qxe4 $13) 19... Kf7 20. Rhg1 Qf6 (20...
Nc6 21. Rg7+ Kf8 22. Qf5+ Kxg7 23. Rg1+ Kh6 24. Qh3+) 21. Qxd5+ Kf8 22. Qxb7
$18) 18. Qc8+ Qd8 {Ftacnik,L} 1/2-1/2

[Event "Biel SKA"]
[Site "Biel"]
[Date "1991.??.??"]
[Round "3"]
[White "Bareev, Evgeny"]
[Black "Andersson, Ulf"]
[Result "1-0"]
[WhiteElo "2680"]
[BlackElo "2625"]
[Annotator "Ftacnik,L"]
[PlyCount "69"]
[EventDate "1991.07.??"]
[EventType "tourn"]
[EventRounds "14"]
[EventCountry "SUI"]
[EventCategory "15"]
[SourceTitle "CBM 025"]
[Source "ChessBase"]
[SourceDate "1991.12.01"]
[SourceVersion "1"]
[SourceVersionDate "1991.12.01"]
[SourceQuality "1"]

1. d4 Nf6 2. c4 e6 3. Nf3 d5 4. Nc3 Nbd7 5. cxd5 exd5 6. Bf4 c6 7. h3 Be7 8. e3
O-O 9. Bd3 Re8 10. Qc2 Nf8 11. g4 Bd6 (11... Be6 12. Ng5 Bd6 (12... c5 $6 13.
Be5 h6 {Timman-Huebner/Wijk aan Zee/1982/} 14. Nxe6 Nxe6 15. Kf1 $1 Rc8 16. Bf5
$16) 13. Ne2 Qa5+ 14. Kf1 Qc7 15. Bxd6 Qxd6 16. Nf4 Bd7 17. a3 Re7 18. b4 b6
19. Kg2 Rc8 $14 {Gurevich,M-Andersson,U/Reggio Emilia/1991/}) 12. Bxd6 Qxd6 13.
g5 $1 (13. O-O-O Be6 14. Kb1 Rac8 $10 {Gurevich,M-Andersson,U/Reggio Emilia/
1988-89/}) 13... Nh5 14. O-O-O g6 15. Ne5 Ne6 16. h4 Neg7 17. Qe2 $1 Bf5 18.
Qf3 Re7 19. Be2 $1 Rf8 20. Qg2 Kh8 21. Qh2 Qe6 (21... Be6 $2 22. Nxf7+ $18) 22.
Rhg1 Qc8 23. b3 $1 Qb8 24. Kb2 f6 $6 (24... a6 $16) 25. gxf6 Nxf6 26. f4 Qe8
27. Bf3 Bc8 28. Rg5 Nf5 29. h5 $1 gxh5 30. Rdg1 Be6 (30... Nxe3 31. Bxh5 Nxh5
32. Rxh5 Rg8 (32... Bf5 33. Rxf5 $1 Nxf5 34. Ng6+ $18) 33. Rgg5 $1) 31. Bxh5
Nxh5 32. Rxh5 Rg8 33. Rgg5 Nxe3 34. f5 Bxf5 (34... Nxf5 35. Ng4 Rxg5 36. Rxg5
$18) 35. Qf4 {Ftacnik,L} 1-0

[Event "WchT 2nd"]
[Site "Luzern"]
[Date "1989.??.??"]
[Round "4.2"]
[White "Horvath, Jozsef"]
[Black "Abdel Megid, Mostafa"]
[Result "1-0"]
[WhiteElo "2505"]
[BlackElo "2370"]
[Annotator "Ftacnik,L"]
[PlyCount "99"]
[EventDate "1989.10.27"]
[EventType "team-tourn"]
[EventRounds "9"]
[EventCountry "SUI"]
[SourceTitle "CBM 016"]
[Source "ChessBase"]
[SourceDate "1990.06.01"]
[SourceVersion "1"]
[SourceVersionDate "1990.06.01"]
[SourceQuality "1"]
[WhiteTeam "Hungary"]
[BlackTeam "Africa"]
[WhiteTeamCountry "HUN"]

1. d4 Nf6 2. c4 e6 3. Nc3 d5 4. cxd5 exd5 5. Bg5 c6 6. e3 Bf5 7. Qf3 Bg6 8.
Bxf6 gxf6 9. Qd1 Nd7 (9... Qb6 10. Qd2 Nd7 11. Nge2 Bd6 12. g3 Nf8 13. Bg2 Ne6
14. h4 Bh5 15. Rc1 Rg8 $14 {Legki,N-Gulicowski,K/Vrnjacka Banja/1989/1-0/42/
-> CBM 13}) 10. Bd3 Bd6 11. Nf3 f5 12. Qb3 Rb8 13. Qc2 Qf6 (13... f4 14. e4 $1)
14. g3 O-O 15. O-O Rfe8 16. a3 (16. Nh4 f4 $1 17. Nxg6 hxg6 18. gxf4 g5 19.
fxg5 Qxg5+ 20. Kh1 Qh4 $36) 16... Nf8 17. Kh1 Ne6 18. Rg1 Kh8 19. Nh4 Ng7 20.
Rae1 Re7 21. f4 Rbe8 22. Qf2 b5 23. Nf3 b4 24. axb4 Bxb4 25. Ne5 $16 Qe6 26. h3
f6 27. Nxg6+ hxg6 28. g4 fxg4 29. Bxg6 Bxc3 30. bxc3 Rb8 31. Rxg4 f5 32. Qh4+
Kg8 33. Bxf5 Qxf5 34. Qxe7 Qe4+ 35. Qxe4 dxe4 36. Reg1 Rb7 37. f5 Kf8 38. f6
Nf5 39. Rg8+ Kf7 40. R8g7+ Kxf6 41. Rxb7 Nxe3 42. Re1 Nf5 43. Rxe4 Ng3+ 44. Kg2
Nxe4 45. Rxa7 Nxc3 46. Rc7 Ne2 47. Rxc6+ Kf5 48. Rc5+ Kf4 49. Rd5 Nc3 50. Re5 {
Ftacnik} 1-0

[Event "Altensteig"]
[Site "Altensteig"]
[Date "1992.??.??"]
[Round "4"]
[White "Sadler, Matthew D"]
[Black "Gabriel, Christian"]
[Result "1-0"]
[WhiteElo "2515"]
[BlackElo "2490"]
[Annotator "Ftacnik,L"]
[PlyCount "67"]
[EventDate "1992.07.??"]
[EventType "tourn"]
[EventRounds "11"]
[EventCountry "GER"]
[EventCategory "11"]
[SourceTitle "CBM 031"]
[Source "ChessBase"]
[SourceDate "1992.12.01"]
[SourceVersion "1"]
[SourceVersionDate "1992.12.01"]
[SourceQuality "1"]

1. d4 d5 2. c4 e6 3. Nc3 Be7 4. cxd5 exd5 5. Bf4 Nf6 6. e3 O-O 7. Bd3 c5 8.
Nge2 Nc6 9. dxc5 Bxc5 10. O-O a6 (10... d4 11. exd4 (11. Na4 $5) 11... Nxd4 12.
Na4 Nxe2+ 13. Bxe2 Nd5 14. Bg3 Be7 15. Qb3 Qa5 16. Bf3 Nb4 $10 {Anastasian,
A-Kruppa,Y/Minsk/1990/}) (10... Be6 11. Bg5 h6 12. Bh4 Be7 13. Bc2 Qd7 14. Nf4
Rfd8 15. Nxe6 Qxe6 16. Bb3 $14 {Vaiser,A-Ekstrom,R/Grand Prix Suisse/1990/})
11. Rc1 (11. Bg5 h6 12. Bh4 d4 13. Bxf6 Qxf6 14. Ne4 Qe7 15. Nxc5 Qxc5 16. exd4
$16 {Vaiser,A-Wagman,S/San Bernardino op/1989/}) 11... Be7 12. h3 Be6 13. Bc2
Rc8 14. Bb3 h6 (14... Na5 15. Nd4 Nxb3 16. Qxb3 $14) 15. Bh2 Qa5 16. Nd4 Rfd8 (
16... Nxd4 17. Qxd4 Bc5 18. Qd3 Rfd8 19. Be5 $14) 17. Nxe6 fxe6 18. e4 $1 Kh8 (
18... dxe4 19. Bxe6+ Kh8 20. Qe1 Ra8 21. Nxe4 Qxe1 22. Rfxe1 $18) 19. exd5 exd5
(19... Nxd5 20. Nxd5 exd5 21. Qh5 $40) 20. Ne2 $1 Bc5 (20... Bd6 21. Nf4 $16)
21. Nf4 Nd4 22. Nd3 $1 Ba7 (22... Nxb3 23. Qxb3 b6 24. Be5 $16) 23. Rxc8 Rxc8
24. Be5 Rc6 (24... Nxb3 25. Qxb3 Qb5 26. Qxb5 axb5 27. Bxf6 gxf6 28. Rc1 $16)
25. Nf4 Nxb3 26. Qxb3 Qb5 (26... Rb6 27. Qc2) 27. Qg3 Qa4 $2 (27... d4 $16) 28.
Nxd5 Bd4 (28... Qxa2 29. Bxf6 gxf6 30. Ne7 Rc5 31. Qg6 $18) 29. Bxf6 Bxf6 30.
Qb8+ Kh7 31. Qxb7 Bd4 32. Qd7 Qb5 33. Qf5+ Kh8 34. Qf8+ {Ftacnik,L} (34. Qf8+
Kh7 35. Ne7 $18) 1-0